|
|
|
|
| LEADER |
01060cam a2200265 7i4500 |
| 001 |
0000076494 |
| 005 |
20230321090000.0 |
| 020 |
|
|
|a 9781003201038 (electronic book)
|
| 090 |
0 |
0 |
|a TK7874.75
|b .V67 2022
|
| 245 |
0 |
0 |
|a VLSI and hardware implementations using modern machine learning methods
|c edited by Sandeep Saini, Kusum Lata and G.R. Sinha.
|
| 250 |
|
|
|a First edition.
|
| 264 |
|
|
|a Boca Raton, FL:
|b CRC Press,
|c 2022.
|
| 300 |
|
|
|a 1 online resource (xiii, 312 pages):
|b text file, PDF.
|
| 336 |
|
|
|a text
|2 rdacontent
|
| 337 |
|
|
|a computer
|2 rdamedia
|
| 338 |
|
|
|a online resource
|2 rdacarrier
|
| 650 |
|
0 |
|a Integrated circuits --
|x Very large scale integration --
|x Design and construction --
|x Data processing
|
| 650 |
|
0 |
|a Machine learning
|
| 655 |
|
0 |
|a Electronic books
|
| 700 |
1 |
|
|a Saini, Sandeep
|
| 700 |
1 |
|
|a Lata, Kusum
|
| 700 |
1 |
|
|a Sinha, G. R.
|
| 856 |
4 |
2 |
|u http://library.unisel.edu.my/web/guest/mylibrary
|
| 997 |
|
|
|a Engineering & Life Sciences, Faculty
|b Engineering, Department
|
| 999 |
|
|
|a EBO0019458
|b EBOOK
|c EBOOK
|e Electronic resources
|